000 00644nam a22001937a 4500
003 OSt
005 20251022091850.0
008 251022b |||||||| |||| 00| 0 eng d
020 _a978-971-542-650-3
040 _aDWC-Main lib.
_cOC
082 _aFil. 398.09599 D728e 1994
100 _aIsabelo De Los Reyes
245 _aEl folk-lore Filipino/
_cIsabelo De Los Reyes
260 _aQuezon City, Phils.
_b: The University of the Philippines Press
_c, c1994.
300 _axviii, 654 pages ;
_c22 centimeters.
650 _a1. Folklore--Philippines.
650 _a2. Philippines--Social life and customs.
942 _2ddc
_cBK - FIL
_kFil.
_n0
999 _c5022
_d5022